| 000 | 00533nam a2200181Ia 4500 | ||
|---|---|---|---|
| 008 | 151202s9999||||xx |||||||||||||| ||und|| | ||
| 082 | _bPNVM-75737 | ||
| 100 | _aSTEVENSON WILLIAM. | ||
| 245 | _aMAN CALLED INTREPID THE SECRET WAR 1939-1945. | ||
| 260 | _b"SPHERE BOOKS, LONDON." | ||
| 260 | _c75737 | ||
| 300 | _a511 | ||
| 600 | _aSTEVENSON WILLIAM. | ||
| 630 | _aMAN CALLED INTREPID THE SECRET WAR 1939-1945. | ||
| 700 | _aSTEVENSON WILLIAM. | ||
| 730 | _aMAN CALLED INTREPID THE SECRET WAR 1939-1945. | ||
| 942 | _cBOOK | ||
| 999 |
_c1342396 _d1342393 |
||